| 000 | 00582nam a2200205Ia 4500 | ||
|---|---|---|---|
| 003 | GCL | ||
| 008 | 140319s9999 xx 000 0 ara d | ||
| 040 |
_aGCL / _cGCL |
||
| 082 | 0 | 4 |
_a729 _bم ع |
| 100 | 1 | _aماهر التركمانى | |
| 245 | 1 | 0 |
_aالعمارة والتصميم الداخلى / _cماهر التركمانى |
| 300 | _a80 ص | ||
| 490 | _a | ||
| 650 | 0 | 4 | _aالاسكان |
| 650 | 0 | 4 | _aالعمارة |
| 650 | 0 | 4 | _aتخطيط المدن |
| 650 | 0 | 4 | _aالتصميم الداخلى |
| 650 | 0 | 4 | _aالانشاء ومواد البناء |
| 942 |
_2ddc _cBK |
||
| 999 |
_c44499 _d44499 |
||